LEADER 01483nam a2200325 u 4500 001 000000119973 003 CaOOAMICUS 005 20100215101933.0 008 100215s2009 fr u000 u fre u 020 $z9782853135726* 040 $aPUL$bita$dReb 041 1 $afre$hita 110 2 $aPontificia Commissione Biblica.$0(OLS)http://pul/name/2794 240 10$aBibbia e morale : radici bibliche dell'agire cristiano$lFrancese.$0(OLS)http://pul/title/150938 245 10$aBible et morale :$bquels critères pour discerner? / $cCommission Biblique Pontificale. 260 $aBruyères le Châtel :$bNouvelle Cité,$c2009. 300 $a285 p. ;$c20 cm 490 1 $aRacines 500 $aTraduzione dall'italiano al francese di Marc Girard. 504 $aInclude riferimenti bibliografici ed indice. 630 04$aBiblia$xCritica e interpretazione.$0(OLS)http://pul/subject/2023 650 4$aEtica cristiana.$0(OLS)http://pul/subject/1395 700 1 $aGirard, Marc.$0(OLS)http://pul/name/75014 830 0$aRacines.$0(OLS)http://pul/title/88372 850 $aPUL 852 $aPUL$W1$xSL Religione 3$y85$m241 PCBIB 2$j137625$qDDC 21$B136731$CPULBib$Z2$F136731 $H112023 $82 941 1 $a9 996 $6020$z9782853135726*$9(OLS)http://pul/number/143261 996 $6245$aBible et morale :$bquels critères pour discerner? / $9(OLS)http://pul/title/150937 996 $6260$aBruyères le Châtel :$bNouvelle Cité$9(OLS)http://pul/publisher/81152 LEADER 01276nam a2200325 a 4500 001 000000131332 003 CaOOAMICUS 005 20121115104029.0 008 121115s2011 it a b u000 u ita r 020 $a978-88-420-9805-8 040 $aPUL$bita 082 04$a612.8 100 1 $aOliverio, Alberto.$0(OLS)http://pul/name/73909 245 10$aPrima lezione di neuroscienze /$cAlberto Oliviero. 250 $aNuova ed. ulteriormente ampliata. 260 $aRoma ;$aBari :$bLaterza,$c2011. 300 $aVII, 192 p. :$bill. ;$c18 cm. 490 1 $aUniversale Laterza ;$v924 504 $aBibliografia p. [181]-187. 650 14$aNeuroscienze.$0(OLS)http://pul/subject/35923 830 0$aUniversale Laterza ;$v924.$0(OLS)http://pul/title/569 850 $aPUL 852 $aPUL$W1$xSL Filosofia 3$y81$m102 OLIAL 1$j151629$qDDC 21$B150525$CPULBib$Z2$F150525 $H121178 $81 941 1 $a9 961 $aPrecedente collocazione. 612. 8 OLIAL 1 996 $6020$a978-88-420-9805-8$9(OLS)http://pul/number/151034 996 $6082$a612.8$9(OLS)http://pul/classification/2270 996 $6245$aPrima lezione di neuroscienze$9(OLS)http://pul/title/165902 996 $6260$aRoma ;$aBari :$bLaterza$9(OLS)http://pul/publisher/57682